Online
Catalog

El compromiso en literatura y arte / (Record no. 42665)

MARC details
000 -CABECERA
campo de control de longitud fija 00805nam a2200229 a 4500
001 - NÚMERO DE CONTROL
campo de control 000043176
005 - FECHA Y HORA DE LA ÚLTIMA TRANSACCIÓN
campo de control 20201002040709.0
008 - DATOS DE LONGITUD FIJA--INFORMACIÓN GENERAL
campo de control de longitud fija 140221s1973 sp 000 0 spa d
020 ## - NÚMERO INTERNACIONAL ESTÁNDAR DEL LIBRO
Número Internacional Estándar del Libro 8429709320
040 ## - FUENTE DE LA CATALOGACIÓN
Centro catalogador/agencia de origen DO-SdBNP
Lengua de catalogación spa
Centro/agencia transcriptor BNPHU
041 17 - CÓDIGO DE LENGUA
Código de lengua del texto/banda sonora o título independiente spa
Código de lengua original ale
082 ## - NÚMERO DE LA CLASIFICACIÓN DECIMAL DEWEY
Número de clasificación xxx
Número de documento/Ítem xxx
100 1# - ENTRADA PRINCIPAL--NOMBRE DE PERSONA
Nombre de persona Brecht, Bertolt,
Fechas asociadas al nombre 1898-1956.
9 (RLIN) 40298
240 10 - TÍTULO UNIFORME
Título uniforme Schriften zur Politik und Gesellschaft.
Lenguaje de la obra Español
245 13 - MENCIÓN DE TÍTULO
Título El compromiso en literatura y arte /
Mención de responsabilidad, etc. Bertolt Brecht ; edición preparada por Werner Hecht ; traducción de J. Fontcuberta.
260 ## - PUBLICACIÓN, DISTRIBUCIÓN, ETC.
Lugar de publicación, distribución, etc. Barcelona :
Nombre del editor, distribuidor, etc. Península,
Fecha de publicación, distribución, etc. 1973.
300 ## - DESCRIPCIÓN FÍSICA
Extensión 448 p. ;
Dimensiones 20 cm.
490 1# - MENCIÓN DE SERIE
Mención de serie Historia, ciencia, sociedad
Designación de volumen o secuencia 102
700 12 - PUNTO DE ACCESO ADICIONAL--NOMBRE DE PERSONA
Nombre de persona Hecht, Werner
Término indicativo de función/relación ed.
9 (RLIN) 70763
700 12 - PUNTO DE ACCESO ADICIONAL--NOMBRE DE PERSONA
Nombre de persona Fontcuberta, J.
Término indicativo de función/relación tr.
9 (RLIN) 70764
830 #0 - PUNTO DE ACCESO ADICIONAL DE SERIE-TÍTULO UNIFORME
Título uniforme Historia. ciencia. sociedad ;
Número de parte o sección de la obra 102
9 (RLIN) 70765
Holdings
Estado de retiro Estado de pérdida Restricciones de uso No para préstamo Código de colección Localización permanente Ubicación/localización actual Ubicación en estantería Fecha de adquisición Número de inventario Total de préstamos Signatura topográfica completa Código de barras Fecha visto por última vez Precio válido a partir de Tipo de ítem Koha
      Excluido de préstamo Monografías: Libros y Folletos General General En catalogación 21.02.2014 LF1   xxx xxx 43176-10 25.06.2020 25.06.2020 No se presta

Powered by Koha